Contract Farming & Land Tenancy in Indian Agriculture; (Record no. 181611)

MARC details
000 -LEADER
fixed length control field 00551nam a22001817a 4500
005 - DATE AND TIME OF LATEST TRANSACTION
control field 20210927144353.0
010 ## - LCCN (DPL NO)
LC control number ENG-129975
020 ## - INTERNATIONAL STANDARD BOOK NUMBER
Terms of availability 1395.00
International Standard Book Number 9789353886264
035 ## - SYSTEM CONTROL NUMBER
System control number EN-113507
037 ## - SOURCE OF ACQUISITION
Source of stock number/acquisition DBAD/PUB
082 ## - DEWEY DECIMAL CLASSIFICATION NUMBER
Classification number 333.335530954
245 ## - TITLE STATEMENT
Title Contract Farming & Land Tenancy in Indian Agriculture;
Statement of responsibility, etc Parmod Kumar
250 ## - EDITION STATEMENT
Edition statement 2021
260 ## - PUBLICATION, DISTRIBUTION, ETC. (IMPRINT)
Name of publisher, distributor, etc Sage
Date of publication, distribution, etc 2021
270 ## - ADDRESS
City New Delhi
Address BI/1-1 Mohan Cooperative Industrial Area
Postal code 110044
300 ## - PHYSICAL DESCRIPTION
Extent xix,326p
Dimensions 21cm (pbk)
Other physical details index
942 ## - ADDED ENTRY ELEMENTS (KOHA)
Source of classification or shelving scheme Dewey Decimal Classification
Item type English Books
Call number suffix PAR
Classification part 333.335530954
Holdings
Withdrawn status Lost status Not for loan Collection code Home library Current library Date acquired Cost, normal purchase price Full call number Barcode Copy number Cost, replacement price Koha item type
      Non-fiction Shahdara Branch Shahdara Branch 27/09/2021 1395.00 333.335530954 PAR EN-113507 1 1395.00 English Books

© Delhi Public Library
Hit Counter
free hit counter